| 000 | 00940cam a2200253 4500 | ||
|---|---|---|---|
| 001 | ABS62396 | ||
| 008 | 000000n2000 000 0 eng u | ||
| 035 | _a(Sirsi) u106039 | ||
| 100 | _aHutchinson, N. | ||
| 245 | 4 | _aThe calculation of investment worth: issues of market efficiency, variable estimation and risk analysis | |
| 260 | _c2000 | ||
| 490 |
_aJournal of Property Investment and Finance _v18(1) April 2000, 33-51(19) |
||
| 520 | _aReviews the main issues relating to the calculation of worth. Examines market efficiency, individual and market worth and the use of risk analysis in the calculation. References. | ||
| 590 | _aABS | ||
| 650 | _aCALCULATION OF WORTH | ||
| 650 | _aRISK ANALYSIS | ||
| 650 | _aPRICE | ||
| 650 | _aINVESTMENT PROPERTY | ||
| 650 | _aPROPERTY PORTFOLIOS | ||
| 650 | _aMALLINSON REPORT | ||
| 690 | _aPROPERTY-PROPERTY APPRAISAL AND VALUATION | ||
| 700 | _aNanthakumaran, N. | ||
| 942 | _n0 | ||
| 999 |
_c63511 _d63511 |
||